DOSTLUK ENGEL TANIMAZ (Record no. 1124937)
[ view plain ]
| 000 -LEADER | |
|---|---|
| sabit uzunluktaki kontrol alanı | 00249nam a2200097Ia 4500 |
| 001 - KONTROL NUMARASI | |
| kontrol alanı | 1124937 |
| 005 - EN SON İŞLEMİN TARİH VE ZAMANI | |
| kontrol alanı | 20250827004749.0 |
| 008 - SABİT-UZUNLUKTA VERİ ÖĞELERİ--GENEL BİLGİ | |
| sabit uzunluktaki kontrol alanı | 250824s9999 xx 000 0 und d |
| 245 #0 - ESER / YAZAR | |
| ESER ADI | DOSTLUK ENGEL TANIMAZ |
| Yazar Adı | AYŞEN OY |
| 260 ## - YAYIN, DAĞITIM, VB. | |
| YAYIN EVİ | MARTI ÇOCUK YAYINLARI |
| Düşüm durumu | Kayıp durumu | Hasar Durumu | Ödünç verilmez | Ana kütüphane | Geçerli Kütüphane | Edinilen tarih | Toplam ödünç verme sayısı | Barkod | Son görüntüleme tarihi | Fiyatın geçerli olmaya başladığı tarih | Koha materyal türü |
|---|---|---|---|---|---|---|---|---|---|---|---|
| SELÇUKLU BİLİM VE SANAT MERKEZİ | SELÇUKLU BİLİM VE SANAT MERKEZİ | 24.08.2025 | 10913457 | 27.08.2025 | 27.08.2025 | Books |